000 00409nam a22001457a 4500
005 20170406105847.0
008 170406b xxu||||| |||| 00| 0 eng d
020 _a978-93-80235-90-5
041 _aeng
100 _aDEVASAHAYAM, H.LEWIN
_93835
245 _aPRACTICAL MANUAL OF ENTOMOLOGY (INSECT AND NON-INSECT PESTS)
260 _aNEW DELHI
_bNEW INDIA PUBLISHING AGENCY
_c2011
300 _a392
942 _cBK
999 _c5431
_d5429